000 00826cam a2200265 a 4500
999 _c534042
_d534042
001 2863432
003 NUST
005 20200129100433.0
008 850201s1984 xx c 000 1 eng
010 _a 85112927
038 _a.
040 _aDLC
_cDLC
_dDLC
050 0 0 _aPS3531.O752
_bA6 1984b
082 0 0 _a823
_219
100 1 _a Stephen Arkin
_d1890-1980.
_928158
240 1 0 _aShort stories
245 1 4 _aThe collected stories of Katherine ...\
260 _a[S.l.] :
_bSouthern Living Gallery,
_cc2008.
300 _aviii, 245+ p. :
_bport. ;
_c23 cm.
440 4 _aThe Southern classics library
_928159
500 _a"Notes from the editors" (22 p.) inserted.
651 0 _aSouthern States
_xSocial life and customs
_xFiction.
_923306
906 _a7
_bcbc
_corignew
_d2
_encip
_f19
_gy-gencatlg
942 _2ddc
_cBK